00827nam a2200205Ia 4500003000400000005001700004008004100021020001800062040000900080082001900089100002400108245007200132260006700204300000900271650001200280942004400292952013400336952013400470999001700604OSt20200918122224.0190216s9999||||xx |||||||||||||| ||und|| a9780070421400 coclc a629.895bPRE/P aPredko, Myke 94742 0aProgramming And Customizing The 8051 Microcontroller /cMyke Predko bTata Mcgraw-Hill Education Private Limited,c2009.aNew Delhi: a541p aPhysics cBK2ddch629.895iPRE/Pk629.895mPRE/P 00102ddc40708APHYaMESbMEScPHYd2019-02-20g495.00l0o629.895 PRE/Pp36179r2019-02-20 00:00:00t1w2019-02-20yBKzGL16R5 00102ddc40708APHYaMESbMEScPHYd2019-02-20g495.00l0o629.895 PRE/Pp36189r2019-02-20 00:00:00t2w2019-02-20yBKzGL16R5 c34488d34488